La evaluación en las ciencias naturales.

Gespeichert in:
Bibliographische Detailangaben
1. Verfasser: Fernández Garza, Hilda [et al.], (autor)
Körperschaft: Programa Nacional para la Actualización Permanente de los Maestros de Educación Básica en Servicio (México)Talleres Generales de Actualización
Format: Buch
Sprache:Spanisch
Ausgabe:2a edición
Schlagworte:
Tags: Tag hinzufügen
Keine Tags, Fügen Sie das erste Tag hinzu!

MARC

LEADER 00000nam^a2200000^u^4500
001 000497354
005 20250521000000.0
008 070320s1000^^^^^^^^^^^^r^^^^^000^0^spa^d
009 20260310125633.133
022 |a 9689082388 
035 |a FCE 000041047 
037 |a Acervo ITESO - Biblioteca 
041 |a spa 
082 0 4 |a 371.146  |b PNAPMEBS PRI EVA CIE 
100 |a Fernández Garza, Hilda,  |e [et al.]  |e (autor) 
245 1 3 |a La evaluación en las ciencias naturales. 
250 |a 2a edición 
264 |a México :  |b SEP, Subsecretaría de Educación Básica,  |c 2006. 
300 |a 31 p. 
336 |a texto  |b txt  |2 rdacontenido 
337 |a sin mediación  |b n  |2 rdamedio 
338 |a volumen  |b nc  |2 rdasoporte 
596 |a "Educación. Contigo es posible. A la cabeza de la portada : Primaria. Programa Nacional para la Actualización Permanente de los Maestros de Educación Básica en Servicio. Talleres Generales de Actualización. 
649 |a XX 
650 |a Evaluación 
650 |a Ciencias naturales 
650 |a Enseñanza de las ciencias 
650 |a Formación de docentes en servicio 
650 |a Educación primaria 
650 |a México 
710 |a Programa Nacional para la Actualización Permanente de los Maestros de Educación Básica en Servicio (México)Talleres Generales de Actualización 
910 |a Fondo Centro de Estudios Educativos 
920 |a Impresos - Libros 
930 |a Fondos Especiales 
905 |a 133 
901 |a ALE047979  |b IT2  |c CEE  |u 20250521 
902 |a https://opac.biblio.iteso.mx/vufind/Record/000497354